000
00334pab a2200145 454500
008
180718b2006 xxu||||| |||| 00| 0 eng d
100
_a
Acharya, Alka
245
_a
Regional imbalances in China
260
_c
2006
300
_a
p.26-31.
362
_a
Jun
650
_a
International relations
773
_a
Seminar
909
_a
69944
999
_c
69944
_d
69944